Lana Del Rey- The Grants (Lyrics) - Statistics

General Stats
  • This quiz has been taken 17 times
  • The average score is 190 of 260
Answer Stats
Answer % Correct
gonna
100%
I
100%
(I
100%
I'm
100%
me
100%
me,"
100%
me?
100%
"Mine,"
100%
"Mine
100%
mine
100%
take
100%
with
100%
you
100%
a
90%
My
90%
my
90%
of
90%
One
90%
One,
90%
two,
90%
do
80%
Do
80%
ready
80%
to
80%
about
70%
Ah,
70%
(Ah,
70%
ah,
70%
ah
70%
all
70%
And
70%
chance
70%
for
70%
For
70%
Heaven?
70%
High"
70%
high
70%
leave
70%
Like
70%
memory"
70%
Mountain
70%
pastor
70%
say
70%
The
70%
the
70%
there's
70%
think
70%
told
70%
us
70%
"When
70%
your
70%
but,
60%
but
60%
dance
60%
family
60%
it
60%
it,
60%
it)
60%
man,
60%
once?
60%
Should
60%
So,
60%
So
60%
so
60%
too
60%
too,
60%
way
60%
again
50%
child
50%
firstborn
50%
is
50%
John
50%
"Rocky
50%
sister's
50%
that,
50%
You're
50%
climb
40%
Denver
40%
Doing
40%
doing
40%
ha)
40%
ha
40%
ha,
40%
It's
40%
memories"
40%
rivers
40%
sings
40%
beautiful
30%
did
30%
Ill
30%
grandmother's
30%
(I'll
30%
life
30%
many
30%
mind
30%
mountains
30%
our
30%
time
30%
wanna
30%
last
20%
more
20%
Remember
20%
smile
20%
thank
20%
hard
10%
line
10%
low,
10%
stuff
10%
No matching quizzes found
Score Distribution
Percent of People with Each Score
Percentile by Number Answered
Your Score History
You have not taken this quiz